[Event "Nice II-Montpellier Diagonale"]
[Site "L'Isle sur la Sorgue"]
[Date "2008.01.20"]
[Round "6.1"]
[White "Suarez Real, Alberto"]
[Black "Palleja, Xavier"]
[Result "1-0"]
[WhiteElo "2398"]
[BlackElo "2269"]
[PlyCount "51"]
[EventDate "2008.01.20"]

1. e4 e6 2. d4 d5 3. Nd2 Nc6 4. Ngf3 Nf6 5. e5 Nd7 6. Bd3 f6 7. Ng5 Ndxe5 8.
dxe5 fxg5 9. Qh5+ g6 10. Bxg6+ Kd7 11. c4 Nxe5 12. Bc2 Bd6 13. O-O c6 14. Ne4
dxe4 15. Rd1 b6 16. b4 Nxc4 17. Bb3 Ba6 18. Bxg5 Qf8 19. Bh4 Kc7 20. a4 b5 21.
axb5 Bxb5 22. Rac1 Ne5 23. Bxe6 Nd3 24. Qxb5 Nxc1 25. Rxc1 Bxh2+ 26. Kxh2 1-0

[Event "Nice II-Montpellier Diagonale"]
[Site "L'Isle sur la Sorgue"]
[Date "2008.01.20"]
[Round "6.2"]
[White "Bertrand, Frederic"]
[Black "Bujisho, Benjamin"]
[Result "1/2-1/2"]
[WhiteElo "2278"]
[BlackElo "2387"]
[PlyCount "74"]
[EventDate "2008.01.20"]

1. d4 Nf6 2. c4 Nc6 3. Nf3 e6 4. Nc3 Bb4 5. Qc2 d6 6. g3 O-O 7. Bg2 e5 8. dxe5
dxe5 9. O-O Bxc3 10. Qxc3 Qe7 11. b3 Re8 12. Bb2 h6 13. Rad1 Bf5 14. Nh4 Be4
15. Bxe4 Nxe4 16. Qf3 Nf6 17. Nf5 Qe6 18. Rd2 Rad8 19. Rfd1 Rxd2 20. Rxd2 Rd8
21. Rxd8+ Nxd8 22. Ne3 Nc6 23. Nd5 Ne8 24. Kg2 f6 25. Ne3 Nd6 26. Nd5 Qf7 27.
Qe3 b6 28. Qf3 Nd8 29. Ba3 c5 30. Qg4 Ne6 31. Bc1 Kh8 32. Bb2 h5 33. Qf3 Kh7
34. Qd3+ e4 35. Nxf6+ Qxf6 36. Qxd6 Qxb2 37. Qxe6 Qxe2 1/2-1/2

[Event "Nice II-Montpellier Diagonale"]
[Site "L'Isle sur la Sorgue"]
[Date "2008.01.20"]
[Round "6.3"]
[White "Oliveira, Sancho"]
[Black "Guerin, Gilles"]
[Result "1-0"]
[WhiteElo "2207"]
[BlackElo "2231"]
[PlyCount "89"]
[EventDate "2008.01.20"]

1. e4 d6 2. d4 Nf6 3. Nc3 Nbd7 4. g4 e5 5. g5 Ng8 6. Be3 c6 7. Bg2 Nb6 8. b3
Be6 9. f4 exf4 10. Bxf4 d5 11. Nge2 dxe4 12. Nxe4 Nd5 13. O-O Nxf4 14. Nxf4 Bf5
15. Ng3 Bd7 16. Qh5 Qb6 17. Rae1+ Be7 18. Kh1 g6 19. Qe2 O-O-O 20. Ne4 Qxd4 21.
Rd1 Qe5 22. Qc4 f5 23. gxf6 Bf8 24. Nd3 Qe6 25. Qa4 Qg4 26. Qxa7 Bf5 27. Ndc5
Rxd1 28. Qxb7+ Kd8 29. Qb8+ Bc8 30. Qb6+ Ke8 31. f7+ Ke7 32. Qc7+ Bd7 33. Qe5+
Kd8 34. Qb8+ Ke7 35. fxg8=Q Rxg8 36. Qe5+ Be6 37. Qf6+ Ke8 38. Nxe6 Rxf1+ 39.
Qxf1 Be7 40. Nc7+ Kd8 41. Na6 Qe6 42. Nac5 Qe5 43. Qd3+ Qd5 44. Ne6+ Kc8 45.
Qa6+ 1-0

[Event "Nice II-Montpellier Diagonale"]
[Site "L'Isle sur la Sorgue"]
[Date "2008.01.20"]
[Round "6.4"]
[White "Vaklinov, Vasil"]
[Black "Gachet, Sebastien"]
[Result "0-1"]
[WhiteElo "2172"]
[BlackElo "2271"]
[PlyCount "110"]
[EventDate "2008.01.20"]

1. c4 Nf6 2. g3 g6 3. Bg2 Bg7 4. Nc3 O-O 5. Nf3 c6 6. O-O d6 7. d3 e5 8. Rb1
Re8 9. b4 d5 10. cxd5 cxd5 11. Bg5 h6 12. Bd2 d4 13. Na4 Nbd7 14. Qb3 Nb6 15.
Nc5 Nbd5 16. b5 b6 17. Na6 Bb7 18. Rfc1 Qd7 19. a4 g5 20. Rc2 g4 21. Nh4 e4 22.
dxe4 Nxe4 23. Qd3 Nxd2 24. Rxd2 Rac8 25. Qf5 Qe6 26. Nb4 Nc3 27. Re1 Bxg2 28.
Kxg2 Rc4 29. Nc6 Rxa4 30. Kf1 Bf6 31. Qxe6 fxe6 32. Rb2 Rc8 33. Ng6 Kg7 34.
Nge5 h5 35. e3 dxe3 36. Rxe3 Nd1 37. Rd2 Nxe3+ 38. fxe3 Rc7 39. Nd3 Rd7 40. Ke2
Bg5 41. Rc2 Re4 42. Nf4 Bxf4 43. gxf4 Ra4 44. Nd4 Kf6 45. Rc6 Raxd4 46. exd4
Rxd4 47. Ke3 Rb4 48. Rc7 Rxb5 49. Rxa7 Rb2 50. Rb7 b5 51. Rb8 b4 52. Rf8+ Ke7
53. Rb8 b3 54. h4 gxh3 55. Rh8 Rg2 0-1

[Event "Nice II-Montpellier Diagonale"]
[Site "L'Isle sur la Sorgue"]
[Date "2008.01.20"]
[Round "6.6"]
[White "Louche, Herve"]
[Black "Boursier, Julien"]
[Result "1-0"]
[WhiteElo "1809"]
[BlackElo "2106"]
[PlyCount "109"]
[EventDate "2008.01.20"]

1. e4 e6 2. d4 d5 3. e5 c5 4. Qg4 cxd4 5. Nf3 Nc6 6. Bd3 Nge7 7. O-O Ng6 8. Re1
Qc7 9. Qg3 Nb4 10. Nxd4 Nxd3 11. cxd3 Bd7 12. Nf3 Be7 13. d4 O-O 14. h4 Qd8 15.
h5 Nh4 16. Nxh4 Bxh4 17. Qg4 Be7 18. Bh6 g6 19. Bxf8 Qxf8 20. a3 Qh6 21. hxg6
fxg6 22. Nc3 Rd8 23. g3 Bc8 24. Kg2 Rf8 25. f4 Rf5 26. Rh1 Qg7 27. Rac1 Bd7 28.
Nd1 Bd8 29. Ne3 Rf7 30. Nxd5 Rf8 31. Nb4 a5 32. Nd3 Qe7 33. Kf2 Bc6 34. Rxc6
bxc6 35. Nc5 Re8 36. Qh3 Qf7 37. Qg2 Qc7 38. Qe4 Qb6 39. b4 axb4 40. Rb1 Qa7
41. Qxc6 Kf8 42. Rxb4 Qxa3 43. Rb7 Qa2+ 44. Kg1 Qa1+ 45. Kh2 Qa2+ 46. Kh3 Qf2
47. Rxh7 Qf1+ 48. Qg2 Qd1 49. Kh2 Kg8 50. Rd7 Bb6 51. Ne4 Bxd4 52. Nf6+ Kf8 53.
Rh7 Rd8 54. Rh8+ Ke7 55. Qb7+ 1-0

[Event "Nice II-Montpellier Diagonale"]
[Site "L'Isle sur la Sorgue"]
[Date "2008.01.20"]
[Round "6.7"]
[White "Bressac, Stephane"]
[Black "Boksenbaum, Claude"]
[Result "1-0"]
[WhiteElo "1997"]
[BlackElo "1660"]
[PlyCount "45"]
[EventDate "2008.01.20"]

1. e4 g6 2. d4 Bg7 3. Nc3 d6 4. Be3 Nf6 5. f3 O-O 6. Qd2 c6 7. h4 h5 8. O-O-O
a5 9. Bh6 b5 10. g4 hxg4 11. h5 gxf3 12. Bxg7 Kxg7 13. hxg6 Rh8 14. Rxh8 Qxh8
15. gxf7 Qh5 16. e5 dxe5 17. dxe5 Nh7 18. Bd3 Bf5 19. Kb1 Kxf7 20. Bxf5 Qxf5
21. Rf1 Qxe5 22. Nxf3 Qf6 23. Nh2 1-0

[Event "Tournefeuille-Saint Affrique"]
[Site "Ramonville"]
[Date "2008.01.20"]
[Round "6.1"]
[White "Petrov, Marijan"]
[Black "Georgiev, Krum"]
[Result "1/2-1/2"]
[WhiteElo "2492"]
[BlackElo "2460"]
[PlyCount "21"]
[EventDate "2008.01.20"]

1. e4 c5 2. Nf3 d6 3. Bb5+ Bd7 4. Bxd7+ Qxd7 5. O-O Nc6 6. c4 e5 7. Nc3 g6 8.
d3 Bg7 9. a3 Nge7 10. Rb1 f5 11. b4 1/2-1/2

[Event "Tournefeuille-Saint Affrique"]
[Site "Ramonville"]
[Date "2008.01.20"]
[Round "6.2"]
[White "Boyd, Stephen"]
[Black "Drenchev, Petar"]
[Result "0-1"]
[WhiteElo "2336"]
[BlackElo "2426"]
[PlyCount "40"]
[EventDate "2008.01.20"]

1. c4 c6 2. Nf3 d5 3. b3 dxc4 4. bxc4 e5 5. Nc3 Qa5 6. e3 Nf6 7. Qc2 Bd6 8. Be2
O-O 9. O-O Re8 10. d3 Nbd7 11. Rb1 Nf8 12. Nd2 Ng6 13. Nde4 Nxe4 14. Nxe4 Bf8
15. d4 exd4 16. exd4 Rxe4 17. Qxe4 Bf5 18. Qe3 Bxb1 19. Bd2 Qxa2 20. Qc3 a5 0-1

[Event "Tournefeuille-Saint Affrique"]
[Site "Ramonville"]
[Date "2008.01.20"]
[Round "6.3"]
[White "Sanchez, Nicolas"]
[Black "Laclau, Daniel"]
[Result "0-1"]
[WhiteElo "2216"]
[BlackElo "2270"]
[PlyCount "65"]
[EventDate "2008.01.20"]

1. d4 d5 2. c4 c6 3. Nc3 Nf6 4. Nf3 a6 5. a4 e6 6. Bg5 h6 7. Bh4 dxc4 8. e3 b5
9. axb5 cxb5 10. Nxb5 axb5 11. Rxa8 Bb4+ 12. Nd2 Bb7 13. Bxf6 gxf6 14. Ra7 Qb6
15. Rxb7 Qxb7 16. Qf3 Qe7 17. g3 Bxd2+ 18. Kxd2 Qb4+ 19. Kc2 Qb3+ 20. Kc1 O-O
21. Qd1 Qa2 22. Bg2 Rc8 23. Qc2 Na6 24. Kd2 Nb4 25. Qc3 Nd3 26. d5 b4 27. Qd4
Nxb2 28. Rc1 b3 29. dxe6 Nd3+ 30. Kd1 Qxf2 31. exf7+ Kf8 32. Qd6+ Kg7 33. Rxc4
0-1

[Event "Tournefeuille-Saint Affrique"]
[Site "Ramonville"]
[Date "2008.01.20"]
[Round "6.4"]
[White "Leygue, Dominique"]
[Black "Lacroix, Romain"]
[Result "1-0"]
[WhiteElo "2308"]
[BlackElo "2161"]
[PlyCount "77"]
[EventDate "2008.01.20"]

1. e4 e5 2. Nf3 Nf6 3. Bc4 Nxe4 4. Nc3 Nxc3 5. dxc3 c6 6. Nxe5 d5 7. O-O Bd6 8.
Re1 O-O 9. Bd3 Qh4 10. g3 Qh3 11. Bf1 Qf5 12. f4 Nd7 13. Bd3 Qf6 14. Ng4 Qd8
15. f5 f6 16. c4 d4 17. Re4 Ne5 18. Nxe5 fxe5 19. g4 c5 20. Qf3 Bd7 21. Bd2 Bc6
22. Rf1 a6 23. g5 g6 24. f6 Qd7 25. h4 b5 26. h5 Kf7 27. Qg3 Rab8 28. Rfe1 Qe6
29. Rxe5 Bxe5 30. Rxe5 Qc8 31. Re7+ Kg8 32. Rg7+ Kh8 33. hxg6 Rb7 34. Rxb7 Bxb7
35. g7+ Kg8 36. Bxh7+ Kxh7 37. Qh4+ Kg6 38. Qh6+ Kf7 39. gxf8=Q+ 1-0

[Event "Tournefeuille-Saint Affrique"]
[Site "Ramonville"]
[Date "2008.01.20"]
[Round "6.5"]
[White "Garrel, Alain"]
[Black "Djingarova, Emilia"]
[Result "0-1"]
[WhiteElo "2296"]
[BlackElo "2151"]
[PlyCount "88"]
[EventDate "2008.01.20"]

1. d4 e6 2. Nf3 b6 3. Bg5 Be7 4. Bxe7 Nxe7 5. e3 Bb7 6. Bd3 d6 7. Nbd2 Nd7 8.
O-O Ng6 9. Qe2 a6 10. c4 O-O 11. b4 Qe7 12. a4 f5 13. Nb3 e5 14. dxe5 dxe5 15.
c5 Kh8 16. Bc4 bxc5 17. Nxc5 Nxc5 18. bxc5 Bxf3 19. Qxf3 Qxc5 20. Rfc1 e4 21.
Qd1 Qe7 22. Qe2 f4 23. exf4 Nxf4 24. Qe3 Qg5 25. Qg3 Qf6 26. Rab1 Rad8 27. Bf1
Nd3 28. Rxc7 Nxf2 29. h3 Nd3 30. Be2 Rc8 31. Rxc8 Rxc8 32. Bxd3 Qd4+ 33. Qf2
Qxd3 34. Re1 h6 35. Qf5 Re8 36. Qf7 Qd4+ 37. Kh1 Qxa4 38. Re3 Qa1+ 39. Kh2 Qe5+
40. Kh1 a5 41. Ra3 Rd8 42. Qf1 e3 43. Qe1 e2 44. Rxa5 Qxa5 0-1

[Event "Tournefeuille-Saint Affrique"]
[Site "Ramonville"]
[Date "2008.01.20"]
[Round "6.6"]
[White "Pous, Vincent"]
[Black "Laurain, Dominique"]
[Result "1-0"]
[WhiteElo "2063"]
[BlackElo "2035"]
[PlyCount "60"]
[EventDate "2008.01.20"]

1. e4 e6 2. d3 d5 3. Nd2 Nf6 4. Ngf3 c5 5. g3 b6 6. Bg2 Bb7 7. Qe2 Be7 8. O-O
Nc6 9. c3 Qc7 10. Re1 O-O-O 11. a3 a5 12. b4 Ba6 13. exd5 Nxd5 14. Bb2 Nf6 15.
b5 Bxb5 16. c4 Ba6 17. Rab1 Rhe8 18. Ba1 Nd4 19. Bxd4 cxd4 20. a4 Bc5 21. Ne5
Bb7 22. Bxb7+ Qxb7 23. Nb3 Bb4 24. Rec1 Qc7 25. f4 Rd6 26. Qf3 Kd8 27. c5 Rd5
28. cxb6 Qxb6 29. Nxa5 Rxa5 30. Rxb4 Qd6 1-0

[Event "Tournefeuille-Saint Affrique"]
[Site "Ramonville"]
[Date "2008.01.20"]
[Round "6.7"]
[White "Faure, Nicolas"]
[Black "Herrero, Alain"]
[Result "1/2-1/2"]
[WhiteElo "2068"]
[BlackElo "1760"]
[PlyCount "116"]
[EventDate "2008.01.20"]

1. e4 c5 2. Nf3 Nc6 3. d4 cxd4 4. Nxd4 g6 5. c4 Nf6 6. Nc3 d6 7. Be2 Nxd4 8.
Qxd4 Bg7 9. O-O O-O 10. Qd1 Be6 11. f3 Qb6+ 12. Kh1 Rfc8 13. Nd5 Nxd5 14. cxd5
Bd7 15. Rb1 Qd4 16. Qb3 Qb6 17. Qxb6 axb6 18. a3 b5 19. Bd3 Bd4 20. Bd2 Rc7 21.
Rfc1 Rac8 22. Rxc7 Rxc7 23. Rc1 Rxc1+ 24. Bxc1 f6 25. g4 g5 26. Kg2 h6 27. Kg3
Kg7 28. Kg2 Kf7 29. Kf1 Kg7 30. Ke2 Kf7 31. Kd1 e5 32. dxe6+ Kxe6 33. Kc2 Bc6
34. h3 Ke5 35. Kd1 Ke6 36. Bb1 Ke5 37. Ba2 Bd7 38. Bd5 Bc6 39. Bf7 Bd7 40. Bd5
Bc6 41. Bf7 Bd7 42. Ke2 Bc6 43. b3 Bd7 44. Bg6 Bc6 45. Bf5 d5 46. exd5 Bxd5 47.
Bc2 Bc6 48. Be3 Bxe3 49. Kxe3 Bd5 50. b4 b6 51. Bd3 Bc6 52. Bg6 Bd5 53. Be8 Bc4
54. a4 bxa4 55. Bxa4 b5 56. Bc2 Bd5 57. Bd3 Bc6 58. Be4 Bd7 1/2-1/2

[Event "Tournefeuille-Saint Affrique"]
[Site "Ramonville"]
[Date "2008.01.20"]
[Round "6.8"]
[White "Vignette, Jeanne"]
[Black "Cwiek, Perrine"]
[Result "0-1"]
[WhiteElo "1540"]
[BlackElo "1760"]
[PlyCount "108"]
[EventDate "2008.01.20"]

1. e4 e5 2. Bc4 Nf6 3. Nf3 d6 4. O-O Be7 5. Nc3 Nc6 6. d4 Bg4 7. d5 Nd4 8. Be2
Nxe2+ 9. Qxe2 O-O 10. h3 Bh5 11. Qd3 Nd7 12. Ne2 Nc5 13. Qe3 Bh4 14. Ng3 Bg6
15. b4 Bxg3 16. fxg3 Nxe4 17. Kh2 f5 18. Nd2 Nf6 19. Nf3 Nxd5 20. Qb3 Bf7 21.
Ng5 Ne7 22. Nxf7 Rxf7 23. Bg5 Kf8 24. Rad1 h6 25. Be3 Ng6 26. Kh1 Qe7 27. Qd5
c6 28. Qf3 Kg8 29. Qh5 Qe6 30. Rde1 Raf8 31. Bxa7 Ra8 32. Bd4 Rxa2 33. c4 Qf6
34. Bc3 Qg5 35. Qxg5 hxg5 36. Kh2 f4 37. Ra1 Rxa1 38. Rxa1 f3 39. gxf3 Rxf3 40.
Ra8+ Kf7 41. Be1 Rf1 42. Bc3 Rc1 43. Ra3 e4 44. Bd4 Rxc4 45. Be3 d5 46. Rb3 d4
47. Bd2 Rc2 48. Kg1 Rxd2 49. Kf1 e3 50. Ke1 Ne5 51. Rb1 Nf3+ 52. Kf1 e2+ 53.
Kf2 e1=Q+ 54. Kxf3 Qe2# 0-1

[Event "Echiquier Bordelais-Ramonville"]
[Site "Ramonville"]
[Date "2008.01.20"]
[Round "6.1"]
[White "Lemeaux, David"]
[Black "Lejarre, Ludovic"]
[Result "0-1"]
[WhiteElo "2221"]
[BlackElo "2401"]
[Annotator ",Michko"]
[PlyCount "94"]
[EventDate "2008.01.20"]

1. d4 Nf6 2. c4 g6 3. Nc3 Bg7 4. Nf3 O-O 5. g3 d6 6. Bg2 Nbd7 7. O-O e5 8. e4
exd4 9. Nxd4 a6 10. h3 Re8 11. Re1 Rb8 12. Rb1 Ne5 13. b3 c5 14. Nc2 Nc6 15. a4
Be6 16. Bb2 h5 17. Kh2 Nh7 18. f4 Nd4 19. Nxd4 Bxd4 20. Nd5 Bxb2 21. Rxb2 Bxd5
22. Qxd5 b5 23. axb5 axb5 24. Ra2 bxc4 25. bxc4 h4 26. g4 Qf6 27. Rf1 Qe6 28.
Ra6 Rb2 29. Kg1 Nf6 30. Qxe6 Rxe6 31. Re1 Rc2 32. f5 gxf5 33. gxf5 Re5 34. Rxd6
Kg7 35. Rd3 Rxc4 36. Rde3 Rd4 37. Kf2 Kh6 38. Kf3 Kg5 39. Bf1 Nh5 40. Bd3 Ng3
41. Rc1 Rb4 42. Bc4 f6 43. Bd3 Rb2 44. Ra1 Rh2 45. Ra8 Nxf5 46. Rg8+ Kh6 47.
Bc4 Nd4+ (47... Nd4+ 48. Kg4 Rg2+ 49. Kf4 Rf2+ 50. Kg4 Rg5+ 51. Rxg5 fxg5 52.
Rf3 Rg2+ 53. Rg3 Rxg3#) 0-1

[Event "Echiquier Bordelais-Ramonville"]
[Site "Ramonville"]
[Date "2008.01.20"]
[Round "6.2"]
[White "Franca, Ricardo Bedin"]
[Black "Faber, Michel"]
[Result "1/2-1/2"]
[WhiteElo "2240"]
[BlackElo "2250"]
[Annotator ",Michko"]
[PlyCount "110"]
[EventDate "2008.01.20"]

1. e4 c5 2. Nf3 Nc6 3. d4 cxd4 4. Nxd4 Nf6 5. Nc3 d6 6. Bc4 e6 7. Be3 Be7 8.
Qe2 a6 9. O-O-O Qc7 10. Rhg1 O-O 11. g4 Nxe4 12. Nxe4 d5 13. Bd3 dxe4 14. Bxe4
Nb4 15. Kb1 Rd8 16. g5 g6 17. Nf3 e5 18. Rxd8+ Bxd8 19. a3 Nc6 20. Bxc6 Qxc6
21. Nxe5 Qe4 22. Qd3 Qxd3 23. Nxd3 Bf5 24. Rd1 Rc8 25. Rd2 Be7 26. Ne5 Rd8 27.
Rxd8+ Bxd8 28. h4 h6 29. Nc4 hxg5 30. hxg5 Be6 31. Nd6 Bd5 32. c4 Bf3 33. c5 f6
34. gxf6 Bxf6 35. Kc2 Kf8 36. b4 Ke7 37. Kd3 Ke6 38. Ne4 Kf5 39. Nd2 Bd5 40.
Bd4 Bh4 41. Nc4 Kf4 42. Be3+ Kf5 43. Kd4 Bf3 44. Nd6+ Ke6 45. Ne4 Kf5 46. Nd6+
Ke6 47. Kd3 Be7 48. Ne4 Kf5 49. Nc3 Bf6 50. Bd4 Bg5 51. a4 Bd8 52. Ke3 Bg2 53.
b5 axb5 54. axb5 g5 55. Ne2 Be7 {Suite illisible.} 1/2-1/2

[Event "Echiquier Bordelais-Ramonville"]
[Site "Ramonville"]
[Date "2008.01.20"]
[Round "6.3"]
[White "Passager, Jean Pierre"]
[Black "Besos, Michel"]
[Result "1-0"]
[WhiteElo "2227"]
[BlackElo "2291"]
[PlyCount "71"]
[EventDate "2008.01.20"]

1. d4 e6 2. c4 c5 3. d5 exd5 4. cxd5 d6 5. Nf3 a6 6. a4 Nf6 7. Nc3 g6 8. Nd2
Nbd7 9. e4 Bg7 10. Be2 O-O 11. O-O Re8 12. Qc2 Ne5 13. f4 Neg4 14. Nc4 Nh5 15.
Bxg4 Bxg4 16. h3 Bc8 17. Bd2 b6 18. Rae1 Rb8 19. e5 dxe5 20. fxe5 Ng3 21. Rf3
Nf5 22. Bf4 Nd4 23. Qf2 Nxf3+ 24. Qxf3 Bd7 25. Nd6 Rf8 26. e6 fxe6 27. dxe6
Bxa4 28. e7 Qxd6 29. Bxd6 Rxf3 30. Nxa4 Bd4+ 31. Kh2 Re3 32. Rxe3 Bxe3 33. Bxb8
Kf7 34. Nxb6 Bd4 35. Bd6 Bxb2 36. Nd5 1-0

[Event "Echiquier Bordelais-Ramonville"]
[Site "Ramonville"]
[Date "2008.01.20"]
[Round "6.4"]
[White "Gachon, Lionel"]
[Black "Daumens, Michel"]
[Result "1/2-1/2"]
[WhiteElo "2288"]
[BlackElo "2196"]
[PlyCount "96"]
[EventDate "2008.01.20"]

1. Nf3 Nf6 2. g3 g6 3. b3 Bg7 4. Bb2 c5 5. Bg2 Nc6 6. c4 d6 7. O-O O-O 8. d3
Bd7 9. Nc3 a6 10. Qd2 Rb8 11. h3 b5 12. Rfd1 e5 13. e3 Re8 14. Rac1 h6 15. Ne1
Qe7 16. Nd5 Nxd5 17. cxd5 Nd8 18. b4 Nb7 19. a3 Rbc8 20. e4 Rc7 21. f4 f6 22.
Nf3 Ra8 23. d4 exd4 24. Nxd4 a5 25. Nc6 Qf8 26. bxc5 Nxc5 27. Qe2 b4 28. e5 Re8
29. axb4 axb4 30. e6 Bxc6 31. Rxc5 dxc5 32. d6 Bxg2 33. Kxg2 Rce7 34. dxe7 Qxe7
35. f5 gxf5 36. Re1 Rc8 37. Qc4 Bf8 38. Bxf6 Qxf6 39. e7+ Qf7 40. exf8=Q+ Kxf8
41. Qe2 Qd5+ 42. Kh2 Qc6 43. Qd3 Rc7 44. Qd8+ Kf7 45. Qh8 Kg6 46. Qg8+ Kf6 47.
Qh8+ Kg6 48. Qg8+ Kf6 1/2-1/2

[Event "Echiquier Bordelais-Ramonville"]
[Site "Ramonville"]
[Date "2008.01.20"]
[Round "6.5"]
[White "Quillien, Emmanuel"]
[Black "Bolon, Karelle"]
[Result "1-0"]
[WhiteElo "2145"]
[BlackElo "2105"]
[PlyCount "63"]
[EventDate "2008.01.20"]

1. d4 d5 2. Nf3 c6 3. c4 e6 4. Qc2 Bd6 5. Bg5 f6 6. Bh4 Ne7 7. Bg3 Nf5 8. Bxd6
Nxd6 9. Nbd2 Qe7 10. c5 Nf7 11. e4 e5 12. O-O-O O-O 13. Bd3 f5 14. exd5 e4 15.
d6 Qf6 16. Bc4 exf3 17. Nxf3 Kh8 18. Rhe1 Ng5 19. Ne5 Be6 20. Qb3 b5 21. Bxe6
Qxe6 22. Qxe6 Nxe6 23. Nxc6 Nxc6 24. Rxe6 Rfe8 25. Rxe8+ Rxe8 26. d5 Ne5 27. c6
Rc8 28. Re1 Nd7 29. Kb1 Nf6 30. d7 Rf8 31. d6 Kg8 32. Re8 1-0

[Event "Echiquier Bordelais-Ramonville"]
[Site "Ramonville"]
[Date "2008.01.20"]
[Round "6.6"]
[White "Constantin, David"]
[Black "Galloux, Maxime"]
[Result "1-0"]
[WhiteElo "2094"]
[BlackElo "2062"]
[Annotator ",Michko"]
[PlyCount "100"]
[EventDate "2008.01.20"]

1. d4 Nf6 2. Nf3 g6 3. Bf4 Bg7 4. e3 O-O 5. Be2 d6 6. h3 c5 7. c3 b6 8. a4 Bb7
9. Nbd2 a6 10. O-O Nbd7 11. Qb3 Ra7 12. Nc4 Bd5 13. Qa3 Qc7 14. Rfc1 Rfa8 15.
b4 b5 16. Na5 c4 17. Nd2 e5 18. Bh2 Bh6 19. Nf3 Re8 20. dxe5 dxe5 21. Rd1 Ba8
22. Qa2 Nd5 23. Rac1 Nxe3 24. fxe3 Bxe3+ 25. Kh1 Bxc1 26. Rxc1 f6 27. Qd2 Nb6
28. Bg1 Nxa4 29. Bxa7 Qxa7 30. Bd1 Nb6 31. Qf2 Qc7 32. Qc5 Rc8 33. Nd2 Qxc5 34.
bxc5 Rxc5 35. Bf3 Bxf3 36. gxf3 Rd5 37. Ne4 Kg7 38. Nc6 Rd3 39. Kg2 f5 40. Nf2
Nd5 41. Nxd3 cxd3 42. Kf2 e4 43. fxe4 fxe4 44. Ke1 e3 45. Kd1 Kf6 46. Nb4 Nf4
47. Ra1 a5 48. Rxa5 Ke5 49. Nxd3+ Nxd3 50. Ke2 Nf4+ $138 1-0

[Event "Echiquier Bordelais-Ramonville"]
[Site "Ramonville"]
[Date "2008.01.20"]
[Round "6.7"]
[White "Lagunes, Jean Renaud"]
[Black "Galby, Vassili"]
[Result "0-1"]
[WhiteElo "2072"]
[BlackElo "2069"]
[PlyCount "88"]
[EventDate "2008.01.20"]

1. e4 c5 2. Nf3 Nc6 3. Bb5 g6 4. Bxc6 dxc6 5. d3 Bg7 6. O-O Nf6 7. Qe2 Nd7 8.
a4 e5 9. a5 Nf8 10. Be3 Ne6 11. Nbd2 O-O 12. Nc4 f6 13. Nfd2 Qe7 14. f3 Rd8 15.
Qf2 Nd4 16. Rfc1 Bd7 17. c3 Ne6 18. Nb3 Bf8 19. Rd1 Be8 20. g3 g5 21. Rd2 Bf7
22. Kh1 Kh8 23. Rad1 Rd7 24. Qg1 Rad8 25. Bf2 Bh5 26. g4 Bf7 27. Ne3 Ng7 28.
Nf5 Nxf5 29. Nxc5 Nh4 30. Nxd7 Nxf3 31. Qg2 Nxd2 32. Nxf8 Nb3 33. Nxh7 Kxh7 34.
Bxa7 Nc5 35. Qf3 Ne6 36. Bb6 Rh8 37. Ra1 Kg7 38. b4 Nf4 39. Bc5 Qd7 40. d4 Rh3
41. Qd1 Bg6 42. dxe5 Bxe4+ 43. Kg1 Rd3 44. exf6+ Kg6 0-1

[Event "Echiquier Bordelais-Ramonville"]
[Site "Ramonville"]
[Date "2008.01.20"]
[Round "6.8"]
[White "Iwanesko, Alexandre"]
[Black "Soissong, Elzbieta"]
[Result "1-0"]
[WhiteElo "2010"]
[BlackElo "1640"]
[PlyCount "77"]
[EventDate "2008.01.20"]

1. Nf3 Nf6 2. c4 g6 3. Nc3 Bg7 4. g3 d6 5. Bg2 O-O 6. O-O e5 7. d3 Nc6 8. Rb1
a5 9. a3 h6 10. b4 axb4 11. axb4 Be6 12. b5 Ne7 13. Bd2 Qc8 14. Re1 Nd7 15. Qc2
d5 16. cxd5 Nxd5 17. Nxd5 Bxd5 18. Nxe5 Bxg2 19. Nxd7 Qxd7 20. Kxg2 Qd5+ 21.
Kg1 Ra2 22. Qc1 g5 23. Bc3 c6 24. Bxg7 Kxg7 25. Qc3+ Kg8 26. bxc6 bxc6 27. Rb6
Rc8 28. Qf6 Qa5 29. Rbb1 h5 30. e3 g4 31. Rec1 Qd5 32. d4 Ra6 33. Rc5 Qe4 34.
Rg5+ Kf8 35. Qd6+ Qe7 36. Rg8+ Kxg8 37. Qxe7 Ra5 38. Rb7 Rf5 39. Qd7 1-0

[Event "Bordeaux ASPOM-Chamalieres"]
[Site "Ramonville"]
[Date "2008.01.20"]
[Round "6.1"]
[White "Favarel, Julien"]
[Black "Etchegaray, Patrice"]
[Result "1/2-1/2"]
[WhiteElo "2284"]
[BlackElo "2376"]
[PlyCount "51"]
[EventDate "2008.01.20"]
[WhiteTeam "Bordeaux A.S.P.O.M."]
[BlackTeam "ChamaliÃ¨res"]

1. e4 c5 2. Nf3 Nc6 3. d4 cxd4 4. Nxd4 Nf6 5. Nc3 e5 6. Ndb5 d6 7. Bg5 a6 8.
Na3 b5 9. Bxf6 gxf6 10. Nd5 Bg7 11. Bd3 Ne7 12. Nxe7 Qxe7 13. c3 f5 14. Nc2 Qb7
15. f3 f4 16. Qe2 Be6 17. a4 bxa4 18. Nb4 O-O 19. Bxa6 Qb6 20. Rxa4 Rfb8 21.
Qf2 Bf8 22. Qxb6 Rxb6 23. Bb5 Rc8 24. Ba6 Ra8 25. Bb5 Rc8 26. Ba6 1/2-1/2

[Event "Bordeaux ASPOM-Chamalieres"]
[Site "Ramonville"]
[Date "2008.01.20"]
[Round "6.2"]
[White "Robin, Samy"]
[Black "Le Huec, Marc"]
[Result "1/2-1/2"]
[WhiteElo "2352"]
[BlackElo "2204"]
[PlyCount "63"]
[EventDate "2008.01.20"]
[WhiteTeam "ChamaliÃ¨res"]
[BlackTeam "Bordeaux A.S.P.O.M."]

1. e4 c5 2. Nf3 d6 3. d4 cxd4 4. Nxd4 Nf6 5. Nc3 a6 6. a4 e6 7. g3 Be7 8. Bg2
O-O 9. O-O Qc7 10. a5 Nc6 11. Nb3 Ne5 12. Qe2 Nfd7 13. Nd1 Nc4 14. Ne3 Nde5 15.
Nxc4 Nxc4 16. Ra4 Ne5 17. Ra2 Bd7 18. Nd4 Nc4 19. Qe1 Bf6 20. Ne2 Bd8 21. Bd2
Nxd2 22. Qxd2 Bb5 23. Rd1 Bf6 24. c3 Bc4 25. Raa1 Bxe2 26. Qxe2 Rac8 27. Bf1
Rfd8 28. c4 Qc5 29. Qd2 Qe5 30. Qe2 Qxb2 31. Qxb2 Bxb2 32. Rab1 1/2-1/2

[Event "Bordeaux ASPOM-Chamalieres"]
[Site "Ramonville"]
[Date "2008.01.20"]
[Round "6.3"]
[White "Cousigne, Frederic"]
[Black "Sandu, Mihaela"]
[Result "1/2-1/2"]
[WhiteElo "2192"]
[BlackElo "2313"]
[PlyCount "63"]
[EventDate "2008.01.20"]
[WhiteTeam "Bordeaux A.S.P.O.M."]
[BlackTeam "ChamaliÃ¨res"]

1. d4 Nf6 2. c4 g6 3. Nc3 Bg7 4. e4 d6 5. f4 O-O 6. Nf3 c5 7. d5 a6 8. Bd3 b5
9. O-O bxc4 10. Bxc4 Bg4 11. a4 Nbd7 12. a5 Ne8 13. Qd3 Nc7 14. Nd2 Bd4+ 15.
Kh1 e5 16. Qg3 Bh5 17. f5 Kh8 18. Qh3 Nf6 19. Nf3 Bxf3 20. Rxf3 Nh5 21. Bh6 Nf4
22. Qg4 Rb8 23. b3 Rg8 24. g3 Nh5 25. fxg6 fxg6 26. Raf1 Ne8 27. Bg5 Qxa5 28.
Ne2 Neg7 29. Qd7 Qb6 30. Be7 Rb7 31. Qxd6 Qa7 32. Bg5 1/2-1/2

[Event "Bordeaux ASPOM-Chamalieres"]
[Site "Ramonville"]
[Date "2008.01.20"]
[Round "6.4"]
[White "Blanc, Sebastien"]
[Black "Jaureguiberry, Cedric"]
[Result "0-1"]
[WhiteElo "2134"]
[BlackElo "2150"]
[PlyCount "50"]
[EventDate "2008.01.20"]
[WhiteTeam "ChamaliÃ¨res"]
[BlackTeam "Bordeaux A.S.P.O.M."]

1. d4 Nf6 2. c4 g6 3. Nc3 Bg7 4. e4 d6 5. Bd3 O-O 6. Nge2 Nc6 7. O-O e5 8. d5
Ne7 9. f3 Ne8 10. Bg5 f6 11. Be3 f5 12. b4 f4 13. Bf2 g5 14. c5 g4 15. Kh1 Rf6
16. Ng1 g3 17. hxg3 Rh6+ 18. Nh3 Bxh3 19. gxh3 fxg3 20. Bxg3 Qd7 21. Kg2 Qxh3+
22. Kf2 Nf6 23. Rh1 Ng4+ 24. fxg4 Rf8+ 25. Ke2 Qg2+ 0-1